000 00365nam a2200157Ia 4500
005 20250324015936.0
008 240331s9999 xx 000 0 und d
020 _a9555844011
082 _bWIJ
_a891
100 _aWijayarathna Manike,A
245 0 _aWapasariya
260 _aKottawa
_bSara publication
_c1999
300 _a224 p .,
650 _aNovel
942 _cL
999 _c5324
_d5324